000 00650nam a2200169 4500
001 123321
003 ES-MaACL
005 20230906192142.0
007 t|
008 070214s1936 sp r ||||1| spa d
100 1 _aQuesnot, L.
_994580
245 1 0 _aAdministración financiera
_b: métodos contables y balances /
_cL. Quesnot ; traducción de la 4ª. edición francesa y notas sobre la legislación española y extranjera de Agustín Vicente Gella.
260 _aBarcelona :
_b[s.n.],
_c1936 (
_fGráf. Ibero-Americanos)
300 _aXII, 418 p. ;
_c23 cm.
700 0 _aVicente y Gella, Agustín.
_9114376
852 _aES-MaACL
_jB-9145
_bR.18741
999 _c123321
_d123321